| 000 | 00835cam a22002291 4500 | ||
|---|---|---|---|
| 001 | sd 40000170 | ||
| 003 | DLC | ||
| 005 | 20260227112733.0 | ||
| 008 | 870421s1939 it c 000 0 fre c | ||
| 010 | _asd 40000170 | ||
| 035 | _a(OCoLC)15562396 | ||
| 040 |
_aU.S. Dept. of State Library _cDGW _dDLC |
||
| 042 | _apremarc | ||
| 050 | 0 | 0 |
_aJX1930 _b.U5 1939 |
| 111 | 2 |
_aUniversal Peace Congress _n(33d : _d1939 : _cZurich) |
|
| 245 | 1 | 0 | _aDocuments officiels. |
| 260 |
_aGenève, _bLe Bureau international de la paix _c[1939?] |
||
| 300 |
_a132 p. _bfront. (port.) _c26 cm. |
||
| 500 | _aAt head of title: XXXIIIe Congrès universel de la paix, tenu à Zurich, salle du Grand conseil du 21 au 24 août 1939. | ||
| 500 | _aText mainly in French; the resolutions adopted are in French, Eng and German. | ||
| 650 | 0 |
_aPeace _vCongresses. |
|
| 999 |
_c89856 _d89856 |
||